| 000 | 00474nam a2200157 a 4500 | ||
|---|---|---|---|
| 001 | 000019872 | ||
| 005 | 20200929170155.0 | ||
| 008 | 100708s1973 ag ac r 000 0 spa d | ||
| 040 |
_aDO-SdBNP _bspa _cBNPHu |
||
| 082 |
_axxxx _bN424b |
||
| 100 | 1 |
_aNelson, Ted, _d1937- _942399 |
|
| 245 | 1 | 3 |
_aEl boxer : _bperro del hogar y de defensa / _cTed Nelson. |
| 260 |
_aBuenos Aires, Argentina : _bEditorial Caymi, _c1973. |
||
| 300 |
_a93 p. : _bil., retrs. ; _c24 cm. |
||
| 049 | _aBNGR | ||
| 999 |
_c19385 _d19385 |
||